00400nam a2200157Ia 4500008004100000020001800041082001300059100001900072245004300091250000600134260002900140300001200169500002500181650001500206700002100221230524s9999 xx 000 0 und d a9789350714713 a658bVAS aNeeru Vasishth 0aPrinciples of Management Text & Cases a4 aNew DelhibTaxMannc2014 a"813p," aQuantity Number: 11 aManagement aVibhuti Vasishth